| 000 | 00694nam a2200265Ia 4500 | ||
|---|---|---|---|
| 008 | 160319s9999 xx 000 0 und d | ||
| 020 | _a1845572254 | ||
| 050 | _a577 | ||
| 050 | _b.C552e 2005 | ||
| 100 | _aChowdhary, Neena | ||
| 245 | _aExperiment with ecology / | ||
| 245 | _c Neena Chowdhary. | ||
| 260 | _aNew Delhi : | ||
| 260 | _bNew Dawn Press, Inc. | ||
| 260 | _c2005 | ||
| 300 | _a40 pages; | ||
| 300 | _billustrations : | ||
| 300 | _c25 cm. | ||
| 500 | _aEasy-to-do experiments that make science fun. | ||
| 650 | _aEcology -- | ||
| 650 | _aEcology -- Experiments -- | ||
| 650 | _aEcology. | ||
| 650 | _xJuvenile literature. | ||
| 650 | _xJuvenile literature. | ||
| 999 |
_c292008 _d292008 |
||